LIBRARY & INFORMATION CENTRE, KCAET, TAVANUR

ONLINE PUBLIC ACCESS CATALOGUE (OPAC)

Energy Audit for Professionals (Record no. 14158)

MARC details
000 -LEADER
fixed length control field 00322nam a22001217a 4500
020 ## - INTERNATIONAL STANDARD BOOK NUMBER
ISBN 9788170358053
082 ## - DEWEY DECIMAL CLASSIFICATION NUMBER
Classification number 621.0425
Item number DHU/EN
100 ## - MAIN ENTRY--AUTHOR NAME
Personal name Dhungel, Suresh Kumar
-- Krishnakumar, G
245 ## - TITLE STATEMENT
Title Energy Audit for Professionals
260 ## - PUBLICATION, DISTRIBUTION, ETC. (IMPRINT)
Place of publication New Delhi
Name of publisher Daya Publishing House
Year of publication 2013
300 ## - PHYSICAL DESCRIPTION
Number of Pages 157
942 ## - ADDED ENTRY ELEMENTS (KOHA)
Koha item type Books

No items available.

free website counter